| 000 | 00563nam a2200193 4500 | ||
|---|---|---|---|
| 001 | 27160 | ||
| 005 | 20230410104011.0 | ||
| 008 | 060907n2004 dr spa | ||
| 020 | _a958823231 | ||
| 035 | _9funglode27365 | ||
| 041 | _aES | ||
| 050 | 1 | 4 | _aCB 430 P769 2004 |
| 245 | 0 |
_aPolíticas culturales distritales 2004-2016 / _cAdriana María Urrea...[et al.] |
|
| 260 |
_aBogotá : _bInstituto Distrital Cultura y Turismo, _c2004 |
||
| 300 | _a76 p | ||
| 440 | _aSerie políticas culturales | ||
| 856 | _aUrrea, Adriana María | ||
| 942 |
_2lcc _cbk |
||
| 999 |
_c30064 _d30064 |
||